Pays coupés en 2 (click quiz) - Statistiques

Statistiques générales
  • Ce quiz a été pris 151 fois
  • Le résultat moyen est 7 sur 8
Statistiques - réponses
Hint Réponse % Correct
Fille/mauvais Gabon
95%
Sur/dehors Soudan
95%
Différemment/vivants Comores
94%
Avant-train/haut Cuba
94%
Ailleurs/baisse Laos
90%
Mort/bronzé Népal
90%
Commencement/peu Bhoutan
88%
Manquent/Captivant Hongrie
80%
Aucun quiz correspondant
Distribution des résultats
% des personnes avec chaque résultat
Percentile par nombre de réponses
Votre historique - résultats
Vous n’avez pas pris ce quiz